Europe in Transition (Record no. 165007)
[ view plain ]
| 000 -LEADER | |
|---|---|
| fixed length control field | 00378nam a22001337a 4500 |
| 008 - FIXED-LENGTH DATA ELEMENTS--GENERAL INFORMATION | |
| fixed length control field | 190601b ||||| |||| 00| 0 eng d |
| 035 ## - SYSTEM CONTROL NUMBER | |
| System control number | B-647459 |
| 040 ## - CATALOGING SOURCE | |
| Original cataloging agency | dpl |
| Language of cataloging | en |
| 082 ## - DEWEY DECIMAL CLASSIFICATION NUMBER | |
| Classification number | 940.2 |
| 100 ## - MAIN ENTRY--PERSONAL NAME | |
| Personal name | Sinha, Arvind |
| 245 ## - TITLE STATEMENT | |
| Title | Europe in Transition |
| Remainder of title | from feudalism to Industrialization |
| Statement of responsibility, etc | Arvind Sinha |
| 300 ## - PHYSICAL DESCRIPTION | |
| Extent | 782P. |
| 942 ## - ADDED ENTRY ELEMENTS (KOHA) | |
| Source of classification or shelving scheme | Dewey Decimal Classification |
| Item type | English Books |
| Classification part | 940.2 |
| Call number suffix | SIN |
| Withdrawn status | Lost status | Source of classification or shelving scheme | Damaged status | Not for loan | Collection code | Home library | Current library | Date acquired | Source of acquisition | Total Checkouts | Total Renewals | Full call number | Barcode | Date last seen | Koha item type |
|---|---|---|---|---|---|---|---|---|---|---|---|---|---|---|---|
| Dewey Decimal Classification | Non-fiction | Patel Nagar | Patel Nagar | 01/06/2019 | BPPD/PUB | 5 | 4 | 940.2 SIN | B-647459 | 19/04/2022 | English Books |
